Statistics for TXT Members Word Scramble

Click here to take the quiz!

General Stats

  • This quiz has been taken 80 times
  • The average score is 4 of 5

Answer Stats

MembersAnswer% Correct
NOSIBOSOOBIN
90%
OMBGEYUBEOMGYU
85%
NYENOJUYEONJUN
85%
HUATENYTAEHYUN
84%
KIHGUNEINAHUENING KAI
80%

Score Distribution

Percentile by Number Answered

Percent of People with Each Score

Your Score History

You have not taken this quiz